000 00278nam a22001217a 4500
008 171123b xxu||||| |||| 00| 0 eng d
041 _aeng
080 _a62
100 _a27
101 _aIM
245 _aMECHANICAL DETAILS FOR PRODUCT DESIGN
_cGREENWOOD,D.C
942 _2udc
_cBK
999 _c38409
_d38409